000
00422nam a2200157Ia 4500
008
100122s9999 xx 000 0 und d
082
_b
76323
_a
BM823.08
100
_a
बारटक्के सुहास
245
_a
साद मयुराची
250
_a
1
260
_c
2007
300
_a
80
630
_a
साद मयुराची
730
_a
साद मयुराची
942
_c
BOOK
999
_c
392834
_d
392831